المعارضة في الفكر السياسي الإسلامي /
Saved in:
| 主要作者: | |
|---|---|
| 其他作者: | |
| 格式: | Thesis |
| 語言: | Arabic |
| 出版: |
Qahirah :
Jami'at al-Qahirah,
1983
|
| 主題: | |
| 標簽: |
添加標簽
沒有標簽, 成為第一個標記此記錄!
|
| LEADER | 011410000a22002410004500 | ||
|---|---|---|---|
| 008 | 141007s1983 ua f 000 0 ara d | ||
| 040 | |a UIAM |b eng | ||
| 041 | |a ara | ||
| 050 | |a JQ1825.A792.O6 | ||
| 100 | 1 | |a مصطفى، نيفين عبد الخالق | |
| 242 | 1 | 3 | |a al-Mu'aradah fi al-fikr al-siyasi al-Islami |
| 245 | 1 | 2 | |a المعارضة في الفكر السياسي الإسلامي / |c إعداد، تيقين عبد الخالق مصطفى يوسف |
| 260 | |a Qahirah : |b Jami'at al-Qahirah, |c 1983 | ||
| 300 | |a 344 leaves ; |c 30 cm. | ||
| 500 | |a "رسالة مقدمة للحصول على درجة درجة دكتوراه الفلسفة في العلوم السياسية" --On t.p. | ||
| 502 | |a Thesis (Ph. D.)--Jami'at al-Qahirah, 1983. | ||
| 504 | |a Includes bibliographical references (leaves 320-344). | ||
| 596 | |a 1 | ||
| 655 | |a Theses, Facsimile edition (Islamic) | ||
| 700 | 1 | |a Mustafa, Nivin Abd al-Khaliq | |
| 900 | |a arf-sar | ||
| 999 | |c 437703 |d 467429 | ||
| 952 | |0 0 |6 TI JQ 001825 A792 O6 M991M 1983 |7 0 |8 THESES |9 759211 |a IIUM |b IIUM |c MULTIMEDIA |g 0.00 |o ti JQ 1825 A792 O6 M991M 1983 |p 00011293412 |r 2017-10-23 |t 1 |v 0.00 |y THESIS | ||
